000 00679nam a2200241Ia 4500
003 OSt
005 20240910152505.0
006 a|||||r|||| 00| 0
008 220927b |||||||| |||| 00| 0 eng d
020 _a0710002963
037 _cTextual
040 _aSDCL
_cSDCL
_beng
041 _2eng
_aeng
082 _aY L9
100 _aPodgorecki, Adam
_9434661
245 0 _aMulti dimensional sociology
260 _aLondon :
_bRoutledge and Kegan Paul,
_c1979.
300 _avii,344p
490 _aInternational library of sociology.
700 _a Los Maria
_9434662
942 _hY L9
_cTEXL
_2CC
999 _c750959
_d750959